| 000 | 00730nam a2200253 a 4500 | ||
|---|---|---|---|
| 001 | 23154 | ||
| 003 | BD-RjUL | ||
| 005 | 20211209000910.0 | ||
| 008 | 140310s1954 enk b 001 0 eng d | ||
| 035 | _a(BD-RjUL)23219 | ||
| 040 |
_a0809 _beng _c0809 _dABN:1 _dBD-RjUL |
||
| 041 | _aeng | ||
| 082 | 0 | 4 |
_a909 _bTOS V-10 1954 _223 |
| 100 | 1 |
_aToynbee, Arnold Joseph, _d1889-1975. _971378 |
|
| 245 | 1 | 2 |
_aA study of history / _cby Arnold J. Toynbee. |
| 260 |
_aLondon : _bOxford University Press, H. Milford, _c1954. |
||
| 300 |
_av. ; _c22 cm. |
||
| 500 | _aIncludes index. | ||
| 505 | 0 | _aVol. 10 -- V. 12 -- | |
| 650 | 0 |
_aCivilization. _971379 |
|
| 650 | 0 |
_aHistory _xPhilosophy. _971380 |
|
| 942 |
_2ddc _cBK |
||
| 999 |
_c23154 _d23154 |
||